000
00315nam a2200133Ia 4500
008
150301s2015 xx 000 0 und d
082
_a
615
_b
D15D
100
_a
DHIKAR VIKAS
245
_a
DRUGS CLASSIFICATION IN PHARMACOLOGY
260
_b
AITBS DELHI
300
_a
225
650
_a
PHARMACOLOGY
942
_2
ddc
_c
BK
999
_c
7181
_d
7181